|
|
|
|
| LEADER |
01324nam a2200289 a 4500 |
| 001 |
11915215 |
| 008 |
090824s2001 nyua 001 0 eng d |
| 010 |
|
|
|a \\\00023752
|
| 020 |
|
|
|a 0471319996 (cloth : alk. paper)
|
| 020 |
|
|
|a 9812530061
|
| 040 |
|
|
|a DLC
|c DLC
|d DLC
|
| 082 |
0 |
0 |
|a 515/.35
|2 21
|
| 100 |
1 |
|
|a Boyce, William E.
|
| 245 |
1 |
0 |
|a Elementary differential equations and boundary value problems /
|c William E. Boyce, Richard C. DiPrima.
|
| 250 |
|
|
|a 7th ed.
|
| 260 |
|
|
|a New York :
|b Wiley,
|c 2001.
|
| 300 |
|
|
|a xvi, 745 p. :
|b ill. (some col.) ;
|c 26 cm.
|
| 504 |
|
|
|a Includes index.
|
| 541 |
1 |
|
|e 00018106
|
| 650 |
|
0 |
|a Differential equations.
|
| 650 |
|
0 |
|a Boundary value problems.
|
| 700 |
1 |
|
|a DiPrima, Richard C.
|
| 852 |
4 |
|
|a Ayesha Abed Library
|j General shelf
|
| 999 |
|
|
|c 3584
|d 3584
|
| 952 |
|
|
|0 0
|1 0
|2 ddc
|4 0
|6 515_350000000000000_BOY_2003
|7 0
|9 3255
|a BRACUL
|b BRACUL
|c GEN
|d 2009-09-02
|g 518.00
|l 3
|m 20
|o 515.35 BOY
|p 3010018106
|r 2023-07-23
|s 2023-07-12
|t 1
|w 2009-09-02
|y BK
|
| 952 |
|
|
|0 0
|1 0
|2 ddc
|4 0
|6 515_350000000000000_BOY_2003
|7 0
|9 9857
|a BRACUL
|b BRACUL
|c GEN
|d 2010-05-06
|l 4
|m 35
|o 515.35 BOY
|p 3010018105
|r 2019-11-14
|s 2019-03-07
|t 2
|w 2010-05-06
|y BK
|
| 952 |
|
|
|0 0
|1 0
|2 ddc
|4 0
|6 515_350000000000000_BOY_2003
|7 0
|9 9858
|a BRACUL
|b BRACUL
|c GEN
|d 2010-05-06
|l 5
|m 19
|o 515.35 BOY
|p 3010018107
|r 2026-04-27
|s 2026-04-27
|t 3
|w 2010-05-06
|y BK
|